00394nam a2200157Ia 4500008004100000041000800041082001400049100003300063245003600096250000800132260002300140300000800163542001500171551003500186650001500221220531s9999 xx 000 0 und d aeng bDIX / PRA aDixit, P. G. / Prayag, V. R. aStatistical Methods-i (paper-i) a1ST aPunebNiralic2014 aP.3 d08-07-2014 aComputer SciencebNon-grant-CS astatistics